00633nam a22001937a 4500003000500000005001700005008004100022010001000063011001000073035001000083040000900093100002400102245008000126260003800206300002200244502011800266650003300384650002200417CHAP20220329141646.0971013s1972 r 00010 d a71755 a72727 a82283 cCHAP00aGama Vera, Aurelio. aIntroducción al estudio de los suelos del Ejido Reforma Agraria, Campeche aUruapan, Mich. :bEl autor,c1972 a34 h.b: apénd. aTesis (Ing. Agr. Esp. en Parasitología) -- Univ. Michoacana de San Nicolás de Hidalgo. Fac. de Agrobiología14aEjido Reforma Agraria, Camp.14aSuelosxCampeche.